Random Countrys 1 - Statistics

General Stats
  • This quiz has been taken 12 times
  • The average score is 6 of 15
Answer Stats
Hint Answer % Correct
Makes the worlds finest cigars Cuba
89%
This Country Has No written Constitution United Kingdom
78%
The Most Time Zones in the World France
56%
Most islands in the entire world Norway
56%
Landlocks 2 countries South Africa
56%
Dead Heart of Africa Chad
44%
520 Spoken Languages Nigeria
44%
Means "The land of the blacks" in Arabic Sudan
44%
Worlds Biggest Cocoa Producer Ivory Coast
33%
Produces 40% of soccer balls in the world Pakistan
22%
The Tallest Statue In Africa Senegal
22%
Lowest Temperature here was 2C Bangladesh
11%
Home of the Necktie Croatia
11%
The Crime is only in The Capital Estonia
11%
The Largest Citrus Fruit On The Planet Malaysia
11%
No matching quizzes found
Score Distribution
Percent of People with Each Score
Percentile by Number Answered
Your Score History
You have not taken this quiz